| 000 | 00880nam a2200253 a 4500 | ||
|---|---|---|---|
| 001 | BRL_87 | ||
| 005 | 20190320210600.0 | ||
| 008 | 741126s1937 mx-a#####b---#000-0#spa-# | ||
| 041 | _aspa | ||
| 044 | _amx | ||
| 050 | 4 |
_aN6554 _b.F47 1937 |
|
| 100 | 1 |
_aFernández, Justino _d1904-1972 _96551 |
|
| 245 | 1 | 0 |
_aEl arte moderno en México _bbreve historia, siglos XIX y XX _cJustino Fernández ; prólogo de Manuel Toussaint. |
| 260 |
_aMéxico _bAntigua Librería Robredo, Jose Porrúa _c1937 |
||
| 300 |
_a473 p. _bil., 173 láminas _c23 cm. |
||
| 500 | _aIncluye índice de ilustraciones e índice de nombres | ||
| 500 | _aej.1 Au110 ; ej.2 Au1532 | ||
| 500 | _aLa biblioteca cuenta con 2 ejemplares | ||
| 504 | _aIncluye referencias bibliográficas | ||
| 650 | 1 | 4 |
_aArte _xHistoria _zMéxico _9898 |
| 700 | 1 |
_aToussaint, Manuel _eprol. _96793 |
|
| 902 | _aGRL | ||
| 942 |
_2lcc _cB |
||
| 999 |
_c8900 _d8900 |
||